| 000 | 01859nam a2200493 i 4500 | ||
|---|---|---|---|
| 999 |
_c126874 _d126874 |
||
| 001 | 991039567709706706 | ||
| 003 | ES-BaBAB | ||
| 005 | 20260428105351.0 | ||
| 008 | 171130s2017 spc|||| |||| 0|0 0 spa| | ||
| 015 |
_aLL2017 _2bnc |
||
| 017 |
_aDL B 19633-2017 _aDL B 1301-2022 _bBiblioteca de Catalunya |
||
| 020 | _a9788425438547 | ||
| 020 | _a9788425448126 | ||
| 035 | _a(ES-BaCBU).b69788352 | ||
| 035 | _a(OCoLC)1078195545 | ||
| 040 |
_aES-BaBC _bcat _erda _cES-BaBC |
||
| 041 | 1 |
_aspa _hger |
|
| 100 | 1 |
_aHan, Byung-Chul _eautor _9210873 |
|
| 240 | 1 | 0 |
_aMüdigkeitsgesellschaft. _lCastellà |
| 245 | 1 | 3 |
_aLa Sociedad del cansancio / _cByung-Chul Han ; traducción de Arantzazu Saratxaga Arregi, Alberto Ciria |
| 250 | _aSegunda edición ampliada | ||
| 264 | 1 |
_aBarcelona : _bHerder, _c[2017] |
|
| 300 |
_a118 pàgines ; _c20 cm |
||
| 336 |
_atext _btxt _2rdacontent |
||
| 337 |
_asense mediació _bn _2rdamedia |
||
| 338 |
_avolum _bnc _2rdacarrier |
||
| 490 | 1 | _aPensamiento Herder | |
| 500 | _aReimpressions: 2018, 2019, 2020, 2021, 2022 | ||
| 500 | _aTítol original: Die Müdigkeitsgesellschaft | ||
| 504 | _aReferències bibliogràfiques | ||
| 650 | 7 |
_aDepressió psíquica _2thub _978147 |
|
| 650 | 7 |
_aSalut mental _2thub _923991 |
|
| 650 | 7 |
_aSíndrome d'esgotament professional _2thub _9193755 |
|
| 650 | 7 |
_aDepressió psíquica _xAspectes socials _2lemac _9210878 |
|
| 650 | 7 |
_aSíndrome d'esgotament professional _xAspectes socials _2lemac _9264177 |
|
| 700 | 1 |
_aCiria, Alberto _d1967- _etraductor _916569 |
|
| 830 | 0 |
_aPensamiento Herder _9104382 |
|
| 907 |
_a.b69788352 _b21-06-21 _c30-11-17 _d30-11-17 _em _fa _g- _hspa _ispc _j0 _k1 |
||
| 908 |
_aUIC _aUdG _aBPEB _aUPF _aBMON _aUAO _aCDMAE _aUAB _aURL _aUB _aRS _aBC _aURV _aMEB |
||
| 940 | _aBC | ||
| 942 |
_2udc _cLIB _011 |
||